000 00871nam a2200253Ia 4500
003 OSt
005 20220923225228.0
006 a|||||r|||| 00| 0
007 ta
008 220922b |||||||| |||| 00| 0 pan d
020 _c150
024 _a260,765
037 _b651, 22/03/2012, H.K. Prakashan
_cTextual
040 _aARTS
_cARTS
_bpan
041 _2pan
_apan
082 _aQ8441x1J63:g, 153Q0
100 _aਕਾਂਗ, ਜਸਪਾਲ ਕੌਰ, ਥਦ.
245 0 _aਬਾਣੀ ਰਹੱਸ
260 _aਅੰਮ੍ਰਿਤਸਰ
_b ਨਾਨਕ ਸਿੰਘ ਪੁਸਤਕਮਾਲਾ ਪ੍ਰ0
_c2010
300 _a112ਪੰ
_ccm.
650 _aਧOਰੁ Fਸੱਢ
942 _hQ8441x1J63:g, 153Q0
_cTEXL
_2CC
999 _c376858
_d376858